Top 25 Most Influential Cities In World History - Statistics

General Stats
  • This quiz has been taken 2,204 times
    386 since last reset
  • The average score is 16 of 25
Answer Stats
Hint Answer % Correct
IV. London
98%
I. Rome
98%
V. Paris
96%
IX. Edo
91%
XIX. Moscow
91%
VI. Peking
90%
II. Athens
88%
XXII. Berlin
88%
VII. Constantinople
88%
XII. New York
82%
III. Jerusalem
77%
XVI. Tenochtitlan
69%
X. Alexandria
66%
XVIII. Washington D.C
64%
XXIV. Amsterdam
63%
XV. Baghdad
63%
VIII. Mecca
54%
XIII. Damascus
46%
XI. Babylon
36%
XIV. Florence
34%
XXV. Kyoto
31%
XX. Thebes
29%
XXI. Sian
24%
XXIII. Ur
15%
XXII. Timbuktu
11%
No matching quizzes found
Score Distribution
Percent of People with Each Score
Percentile by Number Answered
Your Score History
You have not taken this quiz since the last reset